• 首页
  • 本馆介绍
  • 公告通知
  • 最新文献
  • 馆藏检索
  • 电子资源
  • 读者导购
  • 参考咨询
  • 我的图书馆
  • 登录
  • 详细信息显示
  • 放入我的书架
  • 预约/预借图书
  • 作者相关作品
  • 分类相关作品
  • 丛书相关作品
  • 出版社相关作品

书目信息

  • 表格格式
  • 工作单格式
  • 卡片格式
题名:
分析力学
    
 
作者: 汪家訸 著
分册:  
出版信息: 北京   高等教育出版社  1982
页数: 260页
开本: 19cm
丛书名:
单 册:
中图分类: O316
科图分类:
主题词: 分析力学
电子资源:
ISBN:
000 00601nam0 2200241 45
001 0182001279
005 20040630160848.4
010    @dCNY1.30
091    @a15010.0454
100    @a19950630d1982 em y0chiy0121 ea
101 0  @achi
102    @aCN@b110000
105    @ay z 000yy
106    @ar
200 10 @a分析力学@Afen xi li xue@f汪家訸著@FWang Jia He Zhu
210    @a北京@c高等教育出版社@d1982
215    @a260页@d19cm
606    @a分析力学
690    @aO316@v3
701  0 @a汪家訸@4著
801  0 @aCN@b上海图书馆@c20040518
801  2 @aCN@bNLC@c20040518
905    @dO316@e7@f1@b148642
    
    分析力学/汪家訸著.-北京:高等教育出版社,1982
    260页;19cm
    
    
    ISBN :CNY1.30
    
●
相关链接 在E读中查询图书 在五车中查询图书 在当当中查询图书 在豆瓣中查询图书


正题名:分析力学     索取号:O316/7         预约/预借

序号 登录号 条形码 馆藏地/架位号 状态 备注
1 0148641   000384541   第三借阅区/ [索取号:O316/7] 在馆    
2 0148642   001939200   第三借阅区/ [索取号:O316/7] 在馆    
3 0148643   202098158   第二样本阅览室/ [索取号:O316/7] 在馆    
唐山师范学院图书馆 欢迎您!
大连网信软件有限公司© 版权所有